Statistics for Flags of countries beginning with 'i'

Click here to take the quiz!

General Stats

  • This quiz has been taken 37 times
  • The average score is 8 of 9

Answer Stats

Answer% Correct
Ireland
100%
India
95%
Iran
95%
Iraq
95%
Israel
95%
Iceland
92%
Italy
92%
Indonesia
89%
Ivory coast
86%

Score Distribution

Percentile by Number Answered

Percent of People with Each Score

Your Score History

You have not taken this quiz